Independencia - Margen de 10 años - Estadísticas

Estadísticas generales
  • Esta prueba ha sido intentada 22 veces
  • La puntuación promedio es 7 de 20
Estadísticas de respuestas
Se independizó de País Año % Correcto
España Argentina 1816
95%
Reino Unido Australia 1901
58%
España México 1810
53%
Gran Bretaña Estados Unidos 1776
47%
Francia Haití 1804
42%
Portugal Brasil 1822
42%
Sudán Sudan del Sur 2011
42%
Reino Unido Irlanda 1919
37%
Pakistán Bangladés 1971
37%
Imperio Otomano Grecia 1821
32%
Reino Unido Bahamas 1973
32%
España Portugal 1640
26%
Italia Ciudad del Vaticano 1929
26%
Francia Madagascar 1960
26%
Francia / Japón Vietnam 1945
21%
Estados Unidos Filipinas 1946
21%
Malasia Singapur 1965
11%
Reino Unido Fiyi 1970
11%
Indonesia Timor Oriental 2002
5%
Union de Kalmar Suecia 1523
0%
No se encontraron pruebas coincidentes
Distribución de puntuación
Porcentaje de gente con cada puntuación
Porcentaje por número respondido
Historial de tus puntuaciones
No has intentado esta prueba.